| 000 | 00702nam a2200217Ia 4500 | ||
|---|---|---|---|
| 003 | GCL | ||
| 005 | 20240530102949.0 | ||
| 008 | 140319s9999 xx 000 0 ara d | ||
| 040 |
_aGCL / _cGCL |
||
| 082 | 0 | 4 |
_a740 _bر ف |
| 100 | 1 | _aربيع حامد خليفة | |
| 245 | 1 | 0 |
_aالفنون الزخرفية اليمنية فى العصر الاسلامى / _cربيع حامد خليفة |
| 260 |
_a[S.N] : _bالدار المصرية اللبنانية ، _c1992 |
||
| 650 | 0 | 4 | _aاليمن |
| 650 | 0 | 4 | _aالاثار الاسلامية |
| 650 | 0 | 4 | _aالفن |
| 650 | 0 | 4 | _aالزخرفة |
| 650 | 0 | 4 | _aالفنون الشعبية |
| 650 | 0 | 4 | _aالفن الاسلامى |
| 942 |
_2ddc _cBK |
||
| 999 |
_c35725 _d35725 |
||